000 01837cam a22004814i 4500
003 PE-LiUPU
005 20250731184553.0
008 150625s r 000 0 d
020 _a8445100637
035 _a(Sirsi) i9788445100639
040 _aPE-LiUPU
_bspa
_cPE-LiUPU
_erda
049 _aPRUA
082 0 4 _a946.07
_bF39
_221
100 1 _aFerrer Del Río, Antonio,
_eautor.
245 1 0 _aHistoria del reinado de Carlos III en España.
_n3 /
_cAntonio Ferrer del Río.
264 1 _aMadrid :
_bConsejería de Cultura de la Comunidad de Madrid,
_c1988.
300 _a462 páginas ;
_c22 centímetros
336 _atext
_2rdacontent
337 _aunmediated
_2rdamedia
338 _avolume
_2rdacarrier
500 _aEdición facsímil.
504 _aIncluye bibliografía al pié de algunas páginas.
505 0 _aNuevas poblaciones.-La paz europea en peligro.-Empresas contra africanos.-Mutación en el ministerio.-Mejoras en todos los ramos.-La América del Norte.-Guerra contra ingleses.-Ventajas conseguidas por España.-Rebelion de Tupac-Amaru.
526 _aP136
526 _aP135
526 _aP134
526 _aP133
526 _aP144
526 _aP143
526 _aP87
526 _aP35
526 _aP20
526 _aP14
526 _aP10
526 _aP06
651 _aEspaña
_xColonias
_zAmérica
_ySiglo XVI-XVII.
942 _2ddc
_cBOOK
949 _a946.07 F39 3
_wDEWEY
_c1
_i53880
_lCCODEBUL1
_mBUL
_p13.00
_r0
_sY
_tBOOK
_u2015-6-25
_xEDUCACION
_zUNKNOWN
_0COMPRA
_o.STAFF. Colección General
994 _aC0
_bPEPRU
596 _a1
999 _a946.07 F39 3
_wDEWEY
_c43966
_i53880
_d43966
_f2021-11-8
_g5
_lCCODEBUL1
_mBUL
_p13.00
_q1
_r0
_sY
_tBOOK
_u2015-6-25
_xBIBLIOTECA
_zUNKNOWN
_0COMPRA
_o.STAFF. Colección General
980 _81
_gALBERTO SANCHEZ Responsable de Automatización